Παράγοντες που επηρεάζουν την επιλογή οίνου βιολογικής καλλιέργειας από τους Έλληνες καταναλωτές ως στοιχεία διαμόρφωσης στρατηγικής από τις ελληνικές επιχειρήσεις οινοποίησης : [μεταπτυχιακή εργασία]

Αποθηκεύτηκε σε:
Λεπτομέρειες βιβλιογραφικής εγγραφής
Κύριος συγγραφέας: Δημοπούλου, Ελένη
Συγγραφή απο Οργανισμό/Αρχή: Πανεπιστήμιο Αιγαίου Σχολή Επιστημών της Διοίκησης Τμήμα Διοίκησης Επιχειρήσεων Πρόγραμμα Μεταπτυχιακών Σπουδών "Σχεδιασμός, Διοίκηση και Πολιτική του Τουρισμού"
Άλλοι συγγραφείς: Λυμπερόπουλος, Κωνσταντίνος Χ., 1946- (Εισηγητής διατριβής)
Μορφή: Thesis Βιβλίο
Γλώσσα:Greek
Δημοσίευση: 2010
Θέματα:
Διαθέσιμο Online:http://hdl.handle.net/11610/17337
Ετικέτες: Προσθήκη ετικέτας
Δεν υπάρχουν, Καταχωρήστε ετικέτα πρώτοι!

MARC

LEADER 00000cam a2200000 i 4500
001 1/22124
008 120726s2010 gre d
035 |l 10112998 
040 |a GR-MY-UA  |b gre  |e aacr 
041 0 |a gre 
082 0 |a 338.476632  |2 (22) 
100 1 |a Δημοπούλου, Ελένη. 
245 1 0 |a Παράγοντες που επηρεάζουν την επιλογή οίνου βιολογικής καλλιέργειας από τους Έλληνες καταναλωτές ως στοιχεία διαμόρφωσης στρατηγικής από τις ελληνικές επιχειρήσεις οινοποίησης :  |b [μεταπτυχιακή εργασία] /  |c Δημοπούλου Ελένη ; επιβλέπων καθηγητής Κωνσταντίνος Λυμπερόπουλος 
260 |c 2010 
300 |a 193 σ.;  |b πίν., σχ.;  |c 30 εκ. 
502 # # |a Διατριβή (μεταπτυχιακή) – Πανεπιστήμιο Αιγαίου, Χίος, 2011. 
504 |a Βιβλιογραφία: σ.90-96 
650 0 0 |a Wine and wine making  |z Greece. 
650 0 0 |a Wine industry  |x Marketing. 
650 0 0 |a Dissertations, Academic  |z Greece. 
700 1 |a Λυμπερόπουλος, Κωνσταντίνος Χ.,   |d 1946-  |4 ths 
710 2 |a Πανεπιστήμιο Αιγαίου  |b Σχολή Επιστημών της Διοίκησης  |b Τμήμα Διοίκησης Επιχειρήσεων  |b Πρόγραμμα Μεταπτυχιακών Σπουδών "Σχεδιασμός, Διοίκηση και Πολιτική του Τουρισμού". 
852 |a INST  |b CHIOS  |c DIATR  |e 20120726  |h 338.476632 ΔΗΜ  |p 005200031683  |q 005200031683  |t MTXE  |y 23 
852 |a INST  |b CHIOS  |c DIATR  |e 20120726  |h 338.476632 ΔΗΜ  |p 005200031684  |q 005200031684  |t MTXE  |y 23 
856 |u http://hdl.handle.net/11610/17337  
901 |a BIBL2-2012-2 
909 |a Χ  |b 149452 
909 |a Χ  |b 149453 
924 |a ΔΗΜΟΠΟΥΛΟΥ  |b ΕΛΕΝΗ  |y ΧΙΟΣ  |z 2011-02 
970 |a ΣΠΕΝΤΖΑ  |b ΕΛΕΝΗ  |z 2012/07/25